Příklady táhnou: místní správa v Japonsku zavádí ISO 14000 a ISO 9000 ...
Zavádzanie noriem ISO 14000 a ISO 9000 v miestnej správe v Japonsku a financovanie ich implementácie v malých a stredných podnikoch. Prínosy zo zavedenia ISO 9000. Výzvy v oblasti hodnotenia služieb. Podpora, ktorú miestne správy venujú certifikácii malého a stredného podnikania. Dotácie na náklady...
Saved in:
| Main Author: | |
|---|---|
| Format: | Book Chapter |
| Language: | Czech |
| Subjects: | |
| Tags: |
No Tags, Be the first to tag this record!
|
MARC
| LEADER | 00000naa$a2200000$$$4500 | ||
|---|---|---|---|
| 001 | 0010362 | ||
| 005 | 20230524133747.5 | ||
| 041 | 0 | |a cze | |
| 044 | |a CZ | ||
| 245 | 1 | 0 | |a Příklady táhnou: místní správa v Japonsku zavádí ISO 14000 a ISO 9000 ... |c Kazuhiko Mizuno |
| 520 | |a Zavádzanie noriem ISO 14000 a ISO 9000 v miestnej správe v Japonsku a financovanie ich implementácie v malých a stredných podnikoch. Prínosy zo zavedenia ISO 9000. Výzvy v oblasti hodnotenia služieb. Podpora, ktorú miestne správy venujú certifikácii malého a stredného podnikania. Dotácie na náklady spojené s certifikáciou. | ||
| 610 | 2 | 0 | |a riadenie kvality |
| 610 | 2 | 0 | |a normy kvality |
| 610 | 2 | 0 | |a normy ISO |
| 610 | 2 | 0 | |a správa miestna |
| 610 | 2 | 0 | |a Japonsko |
| 610 | 2 | 0 | |a podnik malý |
| 610 | 2 | 0 | |a podnik stredný |
| 610 | 2 | 0 | |a financovanie |
| 610 | 2 | 0 | |a certifikácia |
| 610 | 2 | 0 | |a dotácie |
| 100 | 1 | |a Mizuno, Kazuhiko | |